000 00494pab a2200181 454500
008 180718b2014 xxu||||| |||| 00| 0 eng d
100 _aKala, N.
245 _aForensic data recovery - Unearthing lost DNA evidence in a homicide case- A case study
260 _c2014
300 _ap.179-186.
362 _aJul-Sep
650 _aHomicide
650 _aForensic science
700 _aThilagaraj, R.
700 _aRaghunath, Rajeshe
773 _aIndian Police Journal
909 _a107679
999 _c107674
_d107674